Pablo Picasso

Gespeichert in:
Bibliographische Detailangaben
Format: Buch
Sprache:Undetermined
Veröffentlicht: Leningrad, USSR Aurora Art 1983
Schlagworte:
Tags: Tag hinzufügen
Keine Tags, Fügen Sie den ersten Tag hinzu!
Thư viện lưu trữ: Trung tâm Học liệu Trường Đại học Cần Thơ
LEADER 00416nam a2200157Ia 4500
001 CTU_26650
008 210402s9999 xx 000 0 und d
082 |a 750.92 
082 |b P112 
245 0 |a Pablo Picasso 
260 |a Leningrad, USSR 
260 |b Aurora Art 
260 |c 1983 
650 |a cubism,painting, spanish,picasso 
904 |i Minh, 981016 
980 |a Trung tâm Học liệu Trường Đại học Cần Thơ